Khí tượng thủy văn
Сохранить в:
| Формат: | |
|---|---|
| Язык: | Undetermined |
| Опубликовано: |
Hà Nôi
Tổng cục Khí tượng thủy văn
2018
|
| Предметы: | |
| Метки: |
Добавить метку
Нет меток, Требуется 1-ая метка записи!
|
| Thư viện lưu trữ: | Trung tâm Học liệu Trường Đại học Cần Thơ |
|---|
| LEADER | 00562nam a2200181Ia 4500 | ||
|---|---|---|---|
| 001 | CTU_235033 | ||
| 008 | 210402s9999 xx 000 0 und d | ||
| 020 | |c 25000 | ||
| 082 | |a 551.57 | ||
| 082 | |b Kh300 | ||
| 245 | 0 | |a Khí tượng thủy văn | |
| 245 | 0 | |c Tổng cục Khí tượng thủy văn | |
| 260 | |a Hà Nôi | ||
| 260 | |b Tổng cục Khí tượng thủy văn | ||
| 260 | |c 2018 | ||
| 650 | |a Hydrometeorology,Khí tượng thủy văn | ||
| 904 | |i Ngọc Mai | ||
| 980 | |a Trung tâm Học liệu Trường Đại học Cần Thơ | ||